Moonfleet / (Record no. 174675)

000 -LEADER
fixed length control field 01180cam a2200289 a 4500
001 - CONTROL NUMBER
control field 4868743
003 - CONTROL NUMBER IDENTIFIER
control field Nust
005 - DATE AND TIME OF LATEST TRANSACTION
control field 20170207091038.0
008 - FIXED-LENGTH DATA ELEMENTS--GENERAL INFORMATION
fixed length control field 920505r19931898enk b 000 1 eng
010 ## - LIBRARY OF CONGRESS CONTROL NUMBER
LC control number 92018242
020 ## - INTERNATIONAL STANDARD BOOK NUMBER
International Standard Book Number 9780140624014
Terms of availability £4.99
040 ## - CATALOGING SOURCE
Original cataloging agency DLC
Transcribing agency DLC
Modifying agency DLC
-- OCoLC
-- DLC
050 00 - LIBRARY OF CONGRESS CALL NUMBER
Classification number PR4699.F147
Item number M6 1993
082 00 - DEWEY DECIMAL CLASSIFICATION NUMBER
Classification number 823.8
Author Mark FAL
100 1# - MAIN ENTRY--PERSONAL NAME
Personal name Falkner, John Meade,
Dates associated with a name 1858-1932.
245 10 - TITLE STATEMENT
Title Moonfleet /
Statement of responsibility, etc. John Meade Falkner ; edited with an introduction by Brian Alderson.
260 ## - PUBLICATION, DISTRIBUTION, ETC.
Place of publication, distribution, etc. Oxford ;
-- New York :
Name of publisher, distributor, etc. Oxford University Press,
Date of publication, distribution, etc. 1995.
300 ## - PHYSICAL DESCRIPTION
Extent xxxi, 247 p. ;
Dimensions 19 cm.
440 #4 - SERIES STATEMENT/ADDED ENTRY--TITLE
Title The World's classics
504 ## - BIBLIOGRAPHY, ETC. NOTE
Bibliography, etc. note Includes bibliographical references
655 #7 - INDEX TERM--GENRE/FORM
Genre/form data or focus term Adventure stories.
Source of term gsafd
700 1# - ADDED ENTRY--PERSONAL NAME
Personal name Alderson, Brian.
856 42 - ELECTRONIC LOCATION AND ACCESS
Materials specified Publisher description
Uniform Resource Identifier <a href="http://www.loc.gov/catdir/enhancements/fy0640/92018242-d.html">http://www.loc.gov/catdir/enhancements/fy0640/92018242-d.html</a>
906 ## - LOCAL DATA ELEMENT F, LDF (RLIN)
a 7
b cbc
c orignew
d 1
e ocip
f 19
g y-gencatlg
942 ## - ADDED ENTRY ELEMENTS (KOHA)
Source of classification or shelving scheme
Koha item type Book
Holdings
Withdrawn status Lost status Source of classification or shelving scheme Damaged status Not for loan Permanent Location Current Location Shelving location Date acquired Full call number Barcode Date last seen Copy number Price effective from Koha item type
          Central Library (CL) Central Library (CL) Fiction 02/07/2017 823 FAL CL2012 02/07/2017 1 02/07/2017 Book
© 2023 Central Library, National University of Sciences and Technology. All Rights Reserved.